|
|
|
|
| LEADER |
01336nam a22003618a 4500 |
| 001 |
000004710 |
| 003 |
851 |
| 005 |
20120410160435.0 |
| 008 |
110803s1970 b 000 0 vieod |
| 020 |
|
|
|c 10000đ
|d 30.200b
|
| 041 |
0 |
|
|a vie
|
| 082 |
|
|
|a 895.1
|b LO-T
|
| 100 |
1 |
|
|a Lỗ Tấn
|
| 245 |
1 |
0 |
|a AQ Chính truyện
|c Lỗ Tấn : Trương chính giới thiệu, chú thích
|
| 250 |
|
|
|a In lần 2
|
| 260 |
|
|
|a H.
|b Giáo dục
|c 1970
|
| 300 |
|
|
|a 86tr
|c 19cm
|
| 500 |
|
|
|a ĐTTS ghi: Tác phẩm chọn lọc (dùng trong nhà trường)
|
| 653 |
|
|
|a Văn học hiện đại
|
| 653 |
|
|
|a tiểu thuyết
|
| 653 |
|
|
|a Trung Quốc
|
| OWN |
|
|
|a LSP
|
| AVA |
|
|
|a UDN50
|b LNN
|d 895.1 KH-N
|e available
|t Error 5001 Not defined in file expand_doc_bib_avail.
|f 1
|g 0
|h N
|i 0
|
| AVA |
|
|
|a UDN50
|b LSP
|d 895.1 LO-T
|e unavailable
|t Error 5002 Not defined in file expand_doc_bib_avail.
|f 1
|g 1
|h N
|i 0
|k 1
|
| 999 |
|
|
|a From the UDN01
|
| AVA |
|
|
|a UDN50
|b LNN
|d 895.1 KH-N
|e available
|t Error 5001 Not defined in file expand_doc_bib_avail.
|f 1
|g 0
|h N
|i 0
|
| AVA |
|
|
|a UDN50
|b LSP
|d 895.1 LO-T
|e unavailable
|t Error 5002 Not defined in file expand_doc_bib_avail.
|f 1
|g 1
|h N
|i 0
|k 1
|
| TYP |
|
|
|a Monograph
|
| TYP |
|
|
|a Printed language
|
| 980 |
|
|
|a Mạng thư viện Đại học Đà Nẵng
|